[Event "Iberoamerican-ch 9th"]
[Site "Panama City"]
[Date "2023.11.30"]
[Round "7"]
[White "Ynojosa Aponte, Felix Jose"]
[Black "Delgado Rosas, Alex Antonio"]
[Result "0-1"]
[WhiteElo "2393"]
[BlackElo "2105"]
[PlyCount "88"]
[EventDate "2023.11.25"]
[EventType "swiss"]
[EventRounds "9"]
[EventCountry "PAN"]
[SourceTitle "CB49_2023"]
[SourceDate "2023.12.06"]
[SourceVersion "1"]
[SourceVersionDate "2023.12.06"]
[SourceQuality "1"]

1. c4 e5 2. Nc3 Nc6 3. Nf3 Nf6 4. e4 Bb4 5. d3 d6 6. Be2 h6 7. 0-0 Bc5 8. Na4 Bg4 9. Nxc5 dxc5 10. Be3 Bxf3 11. Bxf3 Qe7 12. g3 0-0 13. Bg2 Rad8 14. a3 b6 15. Qa4 Qd7 16. b4 Nd4 17. Qxd7 Rxd7 18. bxc5 Nc2 19. cxb6 Nxa1 20. Bh3 Nc2 21. Bxd7 Nxd7 22. bxc7 Nxe3 23. fxe3 Rc8 24. Kf2 Rxc7 25. Rb1 Kf8 26. Ke2 Ke7 27. Kd2 Nc5 28. Kc2 Rd7 29. Rd1 Rb7 30. Rf1 f6 31. g4 a5 32. d4 Nxe4 33. Kd3 Ng5 34. c5 Rb3+ 35. Kc4 Rxe3 36. d5 Ne4 37. d6+ Ke6 38. Rc1 Rxa3 39. Kb5 Rc3 40. Rxc3 Nxc3+ 41. Kc6 Nd5 42. d7 Ke7 43. Kxd5 Kxd7 44. c6+ Kc7 0-1

[Event "Panama op 4th"]
[Site "Panama City"]
[Date "2023.11.07"]
[Round "2"]
[White "Delgado Rosas, Alex Antonio"]
[Black "Christiansen, Johan Sebastian"]
[Result "0-1"]
[WhiteElo "2105"]
[BlackElo "2612"]
[PlyCount "92"]
[EventDate "2023.11.06"]
[EventType "swiss"]
[EventRounds "9"]
[EventCountry "PAN"]
[SourceTitle "CB46_2023"]
[SourceDate "2023.11.15"]
[SourceVersion "1"]
[SourceVersionDate "2023.11.15"]
[SourceQuality "1"]

1. d4 Nf6 2. Nf3 e6 3. c3 b6 4. Bg5 Bb7 5. Nbd2 h6 6. Bxf6 Qxf6 7. e4 g6 8. Bd3 Bg7 9. Qc2 Qe7 10. e5 d6 11. Be4 d5 12. Bd3 c5 13. b4 c4 14. Be2 a5 15. b5 a4 16. a3 Ra5 17. 0-0 Rxb5 18. Qxa4 Bc6 19. Qc2 Ra5 20. Qb2 Nd7 21. Ne1 Ba4 22. f4 0-0 23. g3 Rfa8 24. Ng2 Bc6 25. Bf3 b5 26. Nb1 f6 27. Ne3 fxe5 28. fxe5 Qg5 29. Qe2 h5 30. Ra2 Bf8 31. Nc2 Nb6 32. Qe1 Be7 33. h4 Qh6 34. Qe2 Be8 35. Kg2 R5a7 36. Rb2 Na4 37. Ra2 Bd8 38. Nb4 Kh8 39. g4 Bxh4 40. gxh5 gxh5 41. Rh1 Rg7+ 42. Kf1 Qf4 43. Rh3 Bg6 44. Qd2 Rf8 45. Qxf4 Rxf4 46. Rah2 Bxb1 0-1

[Event "Titled Tuesday intern op 14th Mar Late"]
[Site "Chess.com INT"]
[Date "2023.03.14"]
[Round "6"]
[White "Aung, Thant Zin"]
[Black "Delgado Rosas, Alex Antonio"]
[Result "1/2-1/2"]
[WhiteElo "2268"]
[BlackElo "2128"]
[PlyCount "95"]
[EventDate "2023.03.14"]
[EventType "swiss (blitz)"]
[EventRounds "11"]
[EventCountry "USA"]
[SourceTitle "EXT 2024"]
[Source "ChessBase"]
[SourceDate "2023.10.10"]
[SourceVersion "1"]
[SourceVersionDate "2023.10.10"]
[SourceQuality "1"]

1. e4 Nc6 2. Nf3 d5 3. exd5 Qxd5 4. Nc3 Qh5 5. Be2 Bg4 6. d3 Nf6 7. Be3 0-0-0 8. Qd2 e5 9. 0-0-0 Bb4 10. h3 Bxf3 11. Bxf3 Qg6 12. Qe1 Nd5 13. Bxd5 Rxd5 14. g4 Qe6 15. Bd2 Bxc3 16. Bxc3 Rb5 17. Kb1 Re8 18. Qe4 a5 19. Qxh7 Nb4 20. Bxb4 Rxb4 21. Rhe1 a4 22. a3 Rb5 23. Qf5 Qxf5 24. gxf5 Rh8 25. Re3 f6 26. Rg1 Rh5 27. Rf3 Rh7 28. Rg4 Ra5 29. Kc1 b5 30. Kd2 Kb7 31. Ke3 Ra8 32. Rb4 c6 33. c4 Kb6 34. cxb5 cxb5 35. Rg4 Rah8 36. Kd2 Kc5 37. Rfg3 Rxh3 38. Rxg7 Rxg3 39. fxg3 Rh2+ 40. Kc3 Rf2 41. g4 Rf4 42. Rg6 Kd5 43. Rxf6 Rxg4 44. Rb6 Kc5 45. Re6 Kd5 46. Rb6 Kc5 47. Re6 Kd5 48. Rb6 1/2-1/2

[Event "Titled Tuesday intern op 7th Mar Late"]
[Site "Chess.com INT"]
[Date "2023.03.07"]
[Round "2"]
[White "Delgado Rosas, Alex Antonio"]
[Black "Ronka, Erik"]
[Result "1-0"]
[WhiteElo "2128"]
[BlackElo "2281"]
[PlyCount "81"]
[EventDate "2023.03.07"]
[EventType "swiss (blitz)"]
[EventRounds "11"]
[EventCountry "USA"]
[SourceTitle "EXT 2024"]
[Source "ChessBase"]
[SourceDate "2023.10.10"]
[SourceVersion "1"]
[SourceVersionDate "2023.10.10"]
[SourceQuality "1"]

1. d4 d5 2. c4 c6 3. cxd5 cxd5 4. Nc3 Nf6 5. Bf4 Nc6 6. e3 Bf5 7. Nf3 e6 8. Bb5 Nd7 9. Bxc6 bxc6 10. 0-0 Be7 11. Rc1 g5 12. Bg3 h5 13. h3 g4 14. hxg4 hxg4 15. Ne5 Nxe5 16. dxe5 Kf8 17. e4 dxe4 18. Qe2 Qd3 19. Rfe1 Kg7 20. Nxe4 Qxe2 21. Rxe2 Rhd8 22. Nd6 Bg6 23. Rxc6 Rab8 24. b3 Rb4 25. Rc7 Bf8 26. Bh4 Bxd6 27. Bf6+ Kh7 28. exd6 Rxd6 29. Rc8 Rd1+ 30. Kh2 Bd3 31. Re5 Kg6 32. Bh8 Bf5 33. Rg8+ Kh7 34. Rf8 Rd2 35. Kg3 Rd3+ 36. f3 gxf3 37. gxf3 Rb6 38. Re1 Kg6 39. Rh1 Be4 40. Rg8+ Kf5 41. Rh5# 1-0

[Event "Titled Tuesday intern op 7th Mar Late"]
[Site "Chess.com INT"]
[Date "2023.03.07"]
[Round "10"]
[White "Vargas Pereda, Jesus Manuel"]
[Black "Delgado Rosas, Alex Antonio"]
[Result "0-1"]
[WhiteElo "1851"]
[BlackElo "2128"]
[PlyCount "56"]
[EventDate "2023.03.07"]
[EventType "swiss (blitz)"]
[EventRounds "11"]
[EventCountry "USA"]
[SourceTitle "EXT 2024"]
[Source "ChessBase"]
[SourceDate "2023.10.10"]
[SourceVersion "1"]
[SourceVersionDate "2023.10.10"]
[SourceQuality "1"]

1. Nf3 Nf6 2. c4 e6 3. g3 d5 4. Bg2 c6 5. b3 Nbd7 6. 0-0 Be7 7. d3 0-0 8. Bb2 Re8 9. Nbd2 b6 10. e4 dxe4 11. dxe4 Bb7 12. Qc2 c5 13. Rad1 Qc7 14. e5 Nh5 15. Ne4 Rad8 16. Nd6 Bxd6 17. exd6 Qb8 18. Ng5 Nhf6 19. Bxb7 Qxb7 20. Qc3 h6 21. Nf3 Qc6 22. Rd3 e5 23. Nh4 Nf8 24. Nf5 Qe4 25. Rf3 Ne6 26. Nxh6+ Kh7 27. Nxf7 Ng5 28. Rxf6 Nh3# 0-1

[Event "Titled Tuesday intern op 28th Feb Early"]
[Site "Chess.com INT"]
[Date "2023.02.28"]
[Round "3"]
[White "Delgado Rosas, Alex Antonio"]
[Black "Cappai, Davide"]
[Result "1/2-1/2"]
[WhiteElo "2128"]
[BlackElo "2140"]
[PlyCount "242"]
[EventDate "2023.02.28"]
[EventType "swiss (blitz)"]
[EventRounds "11"]
[EventCountry "USA"]
[SourceTitle "CBM 213 Extra"]
[Source "ChessBase"]
[SourceDate "2023.05.31"]
[SourceVersion "1"]
[SourceVersionDate "2023.05.31"]
[SourceQuality "1"]

1. d4 c6 2. c4 d6 3. Nc3 Nf6 4. e4 g6 5. Be2 Bg7 6. Be3 e5 7. h3 exd4 8. Bxd4 0-0 9. Nf3 Re8 10. Qc2 Nbd7 11. 0-0 Qc7 12. Rfe1 a5 13. Rad1 Ne5 14. Nxe5 dxe5 15. Bc5 Bf8 16. Bxf8 Kxf8 17. c5 Be6 18. Na4 Rad8 19. Nb6 Rd4 20. Rxd4 exd4 21. Bc4 Bxc4 22. Nxc4 Rd8 23. Nd6 Ne8 24. e5 Ng7 25. Qb3 Ne6 26. Qc4 b5 27. cxb6 Qxb6 28. b3 c5 29. Rc1 Kg7 30. Kh1 Qc6 31. f3 h5 32. Ne4 d3 33. Rd1 Rd4 34. Qc3 Qd5 35. Nf2 Nf4 36. Qxa5 Qxe5 37. Ne4 Rd5 38. Qc3 Qxc3 39. Nxc3 Re5 40. Ne4 f5 41. Nf2 Rd5 42. a4 Kf6 43. g3 Ne2 44. Rxd3 Nd4 45. a5 Rd6 46. Nd1 Ra6 47. b4 cxb4 48. Rxd4 Rxa5 49. Rxb4 Ra1 50. Rd4 Ke5 51. Rd2 f4 52. Kg2 g5 53. Kf2 Ra3 54. Kg2 Kf5 55. Nf2 Rb3 56. Ne4 g4 57. Rd5+ Ke6 58. Rxh5 Rb2+ 59. Nf2 gxf3+ 60. Kxf3 fxg3 61. Kxg3 Kf6 62. Rh4 Rb3+ 63. Kg2 Kg5 64. Rg4+ Kh5 65. Rg3 Rb2 66. Rf3 Kh4 67. Rf4+ Kh5 68. Kg3 Kh6 69. Rg4 Kh5 70. Ne4 Rb3+ 71. Kf4 Rxh3 72. Ng3+ Kh6 73. Nf5+ Kh7 74. Kg5 Rb3 75. Rc4 Rb7 76. Rh4+ Kg8 77. Rg4 Kf7 78. Ra4 Ke6 79. Re4+ Kd5 80. Re8 Rd7 81. Ra8 Kc6 82. Ra6+ Kb7 83. Rg6 Rd5 84. Kf6 Rd1 85. Rg7+ Kb6 86. Rg4 Kb5 87. Ke6 Re1+ 88. Kd5 Kb6 89. Nd4 Kc7 90. Rg7+ Kd8 91. Kd6 Ke8 92. Ra7 Kf8 93. Kd5 Rd1 94. Ke5 Re1+ 95. Kf6 Rf1+ 96. Nf5 Ke8 97. Ra8+ Kd7 98. Rh8 Kc6 99. Rh7 Kb5 100. Rh4 Rf2 101. Ke5 Rf1 102. Nd4+ Kb6 103. Rh8 Kc7 104. Kd5 Rd1 105. Rh7+ Kd8 106. Ke5 Ke8 107. Nf5 Re1+ 108. Kd6 Rd1+ 109. Ke6 Re1+ 110. Kf6 Kd8 111. Rg7 Kc8 112. Nd6+ Kb8 113. Rb7+ Ka8 114. Rb2 Rf1+ 115. Ke5 Re1+ 116. Kd5 Rc1 117. Ke6 Ka7 118. Rb3 Ka6 119. Ra3+ Kb6 120. Rb3+ Ka5 121. Kd5 Ka4 1/2-1/2

[Event "Titled Tuesday intern op 28th Feb Early"]
[Site "Chess.com INT"]
[Date "2023.02.28"]
[Round "9"]
[White "Delgado Rosas, Alex Antonio"]
[Black "Novosel, Lovro"]
[Result "1-0"]
[WhiteElo "2128"]
[BlackElo "2353"]
[PlyCount "137"]
[EventDate "2023.02.28"]
[EventType "swiss (blitz)"]
[EventRounds "11"]
[EventCountry "USA"]
[SourceTitle "CBM 213 Extra"]
[Source "ChessBase"]
[SourceDate "2023.05.31"]
[SourceVersion "1"]
[SourceVersionDate "2023.05.31"]
[SourceQuality "1"]

1. d4 Nf6 2. c4 c5 3. e3 g6 4. Nc3 Bg7 5. Nf3 0-0 6. Be2 cxd4 7. exd4 d5 8. 0-0 Nc6 9. h3 b6 10. b3 Bb7 11. Bb2 Rc8 12. Rc1 e6 13. Ne5 dxc4 14. Nxc6 Bxc6 15. Bxc4 Nd5 16. Nxd5 Bxd5 17. Qd3 Qd7 18. Ba6 Bb7 19. Bb5 Qd5 20. f3 Rfd8 21. Rxc8 Rxc8 22. Bc4 Qa5 23. Bc3 Qg5 24. Rd1 Bd5 25. Bd2 Qh5 26. Be3 Bf6 27. a4 Kg7 28. Rc1 Bxc4 29. Rxc4 Rd8 30. Bf2 Qd5 31. Qe4 Qa5 32. Rc7 Kg8 33. Qb7 Rf8 34. Qxa7 Qd2 35. Qxb6 Bg5 36. d5 exd5 37. Qc5 Rd8 38. Qc2 Qf4 39. Rc8 Rxc8 40. Qxc8+ Kg7 41. Qc3+ Bf6 42. Qe3 Qb4 43. Qd3 d4 44. Kh2 h6 45. g3 Qc3 46. Qxc3 dxc3 47. Be3 Be5 48. Kg2 Bd6 49. Bc1 Kf6 50. Kf2 Ke5 51. Ke3 Kd5 52. f4 Kc5 53. Kd3 Kb4 54. g4 g5 55. f5 Kxb3 56. a5 Bc5 57. a6 Ba7 58. h4 c2 59. hxg5 hxg5 60. Bxg5 Bc5 61. f6 Kb2 62. Bf4 Bd6 63. Be3 Bc5 64. Bd2 c1Q 65. Bxc1+ Kxc1 66. Kc4 Ba7 67. g5 Kd2 68. g6 Ke3 69. gxf7 1-0

[Event "Titled Tuesday intern op 28th Feb Early"]
[Site "Chess.com INT"]
[Date "2023.02.28"]
[Round "5"]
[White "Delgado Rosas, Alex Antonio"]
[Black "Rodriguez Fontecha, Marcos"]
[Result "1-0"]
[WhiteElo "2128"]
[BlackElo "2309"]
[PlyCount "75"]
[EventDate "2023.02.28"]
[EventType "swiss (blitz)"]
[EventRounds "11"]
[EventCountry "USA"]
[SourceTitle "CBM 213 Extra"]
[Source "ChessBase"]
[SourceDate "2023.05.31"]
[SourceVersion "1"]
[SourceVersionDate "2023.05.31"]
[SourceQuality "1"]

1. d4 d5 2. c4 Nc6 3. Nf3 e5 4. cxd5 Qxd5 5. Nc3 Bb4 6. e3 exd4 7. exd4 Nf6 8. Bd3 0-0 9. 0-0 Bxc3 10. bxc3 Bg4 11. h3 Bxf3 12. Qxf3 Qxf3 13. gxf3 Rad8 14. Be4 Nd5 15. c4 Ndb4 16. Ba3 Rfe8 17. Rab1 a5 18. Bxb4 Nxb4 19. a3 Na2 20. Rxb7 Rxd4 21. Rxc7 Nc3 22. Re1 Kf8 23. Kg2 f5 24. Re3 Nd1 25. Rb3 fxe4 26. Rbb7 exf3+ 27. Kxf3 Rd3+ 28. Kg2 Ra8 29. Rf7+ Ke8 30. Rxg7 Kf8 31. Rxh7 Kg8 32. Rhg7+ Kh8 33. Rh7+ Kg8 34. Rbg7+ Kf8 35. c5 Nc3 36. c6 Nb5 37. Rb7 Nxa3 38. Rh8# 1-0

[Event "Titled Tuesday intern op 28th Feb Early"]
[Site "Chess.com INT"]
[Date "2023.02.28"]
[Round "2"]
[White "Khamdamova, Afruza"]
[Black "Delgado Rosas, Alex Antonio"]
[Result "1-0"]
[WhiteElo "2120"]
[BlackElo "2128"]
[PlyCount "149"]
[EventDate "2023.02.28"]
[EventType "swiss (blitz)"]
[EventRounds "11"]
[EventCountry "USA"]
[SourceTitle "CBM 213 Extra"]
[Source "ChessBase"]
[SourceDate "2023.05.31"]
[SourceVersion "1"]
[SourceVersionDate "2023.05.31"]
[SourceQuality "1"]

1. e4 c6 2. d4 d5 3. e5 c5 4. c3 Nc6 5. Nf3 Bg4 6. Be2 e6 7. 0-0 Qd7 8. Be3 Nge7 9. h3 Bxf3 10. Bxf3 Ng6 11. a3 cxd4 12. cxd4 Be7 13. Nc3 0-0 14. Rc1 Rfc8 15. b4 a5 16. b5 Na7 17. a4 Bb4 18. Na2 Qe7 19. Qb3 Ba3 20. Rc3 Rxc3 21. Nxc3 Nc8 22. Ra1 Bb4 23. Na2 Ba3 24. Nc1 Bxc1 25. Rxc1 Nb6 26. Be2 Rc8 27. Rc5 Qd8 28. Qc2 Ne7 29. Bd2 Rxc5 30. dxc5 Nc4 31. Bxc4 dxc4 32. Be3 Qd5 33. Qc3 h6 34. Qxa5 Nf5 35. Qc3 Qd1+ 36. Kh2 Qxa4 37. b6 Ne7 38. Bc1 Nd5 39. Qa3 Qxa3 40. Bxa3 Ne7 41. Kg3 Kh7 42. Kf4 Kg6 43. Ke4 Nc6 44. g4 h5 45. f4 hxg4 46. hxg4 f5+ 47. exf6 gxf6 48. Bb2 Kf7 49. f5 Ke7 50. Bc3 Kf7 51. Kf4 Ke7 52. Ke4 Kf7 53. Bd4 Ke7 54. Ba1 Kf7 55. Bc3 Ke7 56. fxe6 Kxe6 57. Kf4 Kf7 58. Kf5 Ne7+ 59. Ke4 Nc6 60. Kd5 Ke7 61. Kxc4 Ke6 62. Kd3 Kd5 63. Bxf6 Kxc5 64. g5 Nb4+ 65. Ke4 Nd5 66. Ke5 Ne3 67. g6 Ng4+ 68. Kf5 Nh6+ 69. Ke6 Kxb6 70. Bg5 Ng8 71. Kf7 Kc5 72. Kxg8 b5 73. g7 b4 74. Be7+ Kb5 75. Bxb4 1-0

[Event "Titled Tuesday intern op 28th Feb Early"]
[Site "Chess.com INT"]
[Date "2023.02.28"]
[Round "4"]
[White "Michalski, Olaf"]
[Black "Delgado Rosas, Alex Antonio"]
[Result "0-1"]
[WhiteElo "2273"]
[BlackElo "2128"]
[PlyCount "74"]
[EventDate "2023.02.28"]
[EventType "swiss (blitz)"]
[EventRounds "11"]
[EventCountry "USA"]
[SourceTitle "CBM 213 Extra"]
[Source "ChessBase"]
[SourceDate "2023.05.31"]
[SourceVersion "1"]
[SourceVersionDate "2023.05.31"]
[SourceQuality "1"]

1. d4 Nf6 2. c4 e6 3. Nf3 d5 4. Nc3 Be7 5. Bg5 Nbd7 6. e3 0-0 7. Rc1 c6 8. Bd3 h6 9. Bh4 dxc4 10. Bxc4 b5 11. Bd3 Bb7 12. 0-0 a6 13. a4 Qb6 14. Ne5 Rac8 15. Nxd7 Nxd7 16. Bxe7 Rfe8 17. Bh4 c5 18. Be4 b4 19. a5 Qa7 20. Bxb7 Qxb7 21. Na4 c4 22. Qe2 Qb5 23. Nb6 Nxb6 24. axb6 Rc6 25. b3 c3 26. Qxb5 axb5 27. Ra1 Rxb6 28. Rfc1 Rbb8 29. Kf1 f6 30. Ke2 Ra8 31. Kd3 Rec8 32. Bg3 Rd8 33. Bc7 Rxa1 34. Rxa1 Rd7 35. Ba5 Ra7 36. Kc2 Kf7 37. Kb1 Kg6 0-1

[Event "Titled Tuesday intern op 21st Feb Late"]
[Site "Chess.com INT"]
[Date "2023.02.21"]
[Round "8"]
[White "Avgoustopoulos, Christian"]
[Black "Delgado Rosas, Alex Antonio"]
[Result "1-0"]
[WhiteElo "1969"]
[BlackElo "2128"]
[PlyCount "55"]
[EventDate "2023.02.21"]
[EventType "swiss (blitz)"]
[EventRounds "11"]
[EventCountry "USA"]
[SourceTitle "CBM 212 Extra"]
[Source "ChessBase"]
[SourceDate "2023.03.31"]
[SourceVersion "1"]
[SourceVersionDate "2023.03.31"]
[SourceQuality "1"]

1. e4 Nc6 2. Nf3 d5 3. exd5 Qxd5 4. d4 Bg4 5. Be2 Nf6 6. c4 Qh5 7. Be3 0-0-0 8. d5 e6 9. Nc3 exd5 10. cxd5 Bb4 11. 0-0 Bxc3 12. bxc3 Nxd5 13. Qa4 Nxe3 14. fxe3 Bxf3 15. Bxf3 Qc5 16. Bxc6 bxc6 17. Rab1 Qxe3+ 18. Kh1 Rd6 19. Rxf7 Qe6 20. Rbf1 Re8 21. Qxa7 Re7 22. Rf8+ Kd7 23. Qa8 Re8 24. R1f7+ Qxf7 25. Rxf7+ Re7 26. Rxe7+ Kxe7 27. h3 Rd1+ 28. Kh2 1-0

[Event "Titled Tuesday intern op 21st Feb Early"]
[Site "Chess.com INT"]
[Date "2023.02.21"]
[Round "10"]
[White "Delgado Rosas, Alex Antonio"]
[Black "Ezat, Mohamed Mahmoud"]
[Result "1-0"]
[WhiteElo "2128"]
[BlackElo "2400"]
[PlyCount "201"]
[EventDate "2023.02.21"]
[EventType "swiss (blitz)"]
[EventRounds "11"]
[EventCountry "USA"]
[SourceTitle "CBM 212 Extra"]
[Source "ChessBase"]
[SourceDate "2023.03.31"]
[SourceVersion "1"]
[SourceVersionDate "2023.03.31"]
[SourceQuality "1"]

1. d4 Nf6 2. c4 g6 3. Nc3 Bg7 4. Nf3 d5 5. e3 c5 6. cxd5 Nxd5 7. Bc4 Nxc3 8. bxc3 0-0 9. 0-0 Nc6 10. Ba3 b6 11. Qe2 Qc7 12. Rab1 Bf5 13. Bd3 Bg4 14. h3 Bxf3 15. Qxf3 e5 16. Be4 Rac8 17. Bxc6 Qxc6 18. Qxc6 Rxc6 19. d5 Rc7 20. e4 f5 21. f3 Bh6 22. Bc1 Kg7 23. Bxh6+ Kxh6 24. c4 Rcf7 25. a4 Kg5 26. g3 h5 27. h4+ Kf6 28. Kf2 Ke7 29. Ke2 Kd6 30. Ra1 f4 31. Rg1 fxg3 32. Rxg3 Kc7 33. Ra3 Rg8 34. Rg5 Kd6 35. a5 Rf4 36. axb6 axb6 37. Ra6 Kc7 38. Ra7+ Kb8 39. Re7 Rxh4 40. d6 Rh2+ 41. Ke3 Rh1 42. d7 Rd8 43. Rxg6 Kc7 44. Rxe5 Rd1 45. Rxh5 R8xd7 46. Rhh6 R1d3+ 47. Ke2 Rd2+ 48. Ke3 R2d3+ 49. Kf2 Rb3 50. Rc6+ Kb7 51. e5 Rd2+ 52. Kg3 Re2 53. Rce6 Ree3 54. Re7+ Ka6 55. Rf6 Rbc3 56. Ree6 Rb3 57. Rd6 Ka5 58. e6 Re5 59. Rd7 Kb4 60. e7 Kxc4 61. Rf8 Rbe3 62. Rf4+ Kc3 63. Rb7 Rxe7 64. Rxb6 c4 65. Rc6 Rg7+ 66. Kf2 Kd2 67. Rd4+ Rd3 68. Rdxc4 Rd5 69. Rc2+ Kd3 70. R6c3+ Kd4 71. Rc4+ Ke5 72. Re2+ Kf5 73. Rce4 Rb5 74. Re8 Rf7 75. Rc8 Kg6 76. Rc6+ Rf6 77. Ree6 Rb2+ 78. Kg3 Rxe6 79. Rxe6+ Kf7 80. Ra6 Rb4 81. f4 Rb1 82. Kg4 Rb5 83. Rc6 Rb7 84. f5 Re7 85. Kg5 Rb7 86. Rh6 Kg7 87. Rg6+ Kf7 88. Rh6 Kg7 89. Rh2 Rc7 90. Rb2 Rd7 91. Ra2 Rb7 92. Ra6 Rc7 93. Rh6 Kg8 94. Kg6 Rg7+ 95. Kf6 Rf7+ 96. Ke6 Rf8 97. Rg6+ Kh7 98. Rg1 Re8+ 99. Kf7 Re2 100. Rh1+ Rh2 101. Rxh2# 1-0

[Event "Titled Tuesday intern op 21st Feb Early"]
[Site "Chess.com INT"]
[Date "2023.02.21"]
[Round "1"]
[White "Zenelaj, Samuel"]
[Black "Delgado Rosas, Alex Antonio"]
[Result "1-0"]
[WhiteElo "2327"]
[BlackElo "2128"]
[PlyCount "57"]
[EventDate "2023.02.21"]
[EventType "swiss (blitz)"]
[EventRounds "11"]
[EventCountry "USA"]
[SourceTitle "CBM 212 Extra"]
[Source "ChessBase"]
[SourceDate "2023.03.31"]
[SourceVersion "1"]
[SourceVersionDate "2023.03.31"]
[SourceQuality "1"]

1. e4 Nc6 2. g3 d5 3. exd5 Qxd5 4. Nf3 Bg4 5. Bg2 Nd4 6. Nxd4 Qxg2 7. Qxg4 Qxh1+ 8. Ke2 Nf6 9. Qf5 e6 10. Qb5+ Nd7 11. Nc3 a6 12. Qc4 0-0-0 13. b3 Ne5 14. Qa4 Rxd4 15. Qxd4 Qf3+ 16. Kf1 Qh1+ 17. Ke2 Qf3+ 18. Kf1 Ng4 19. h3 Nh2+ 20. Kg1 Qc6 21. Kxh2 Bc5 22. Qe4 Qd6 23. Kg2 g5 24. Bb2 h5 25. Nb5 axb5 26. Bxh8 h4 27. d4 Ba3 28. Be5 Qe7 29. Re1 1-0

[Event "Olympiad-44"]
[Site "Chennai"]
[Date "2022.07.31"]
[Round "3.3"]
[White "Hsu, Hsuan Ming"]
[Black "Delgado Rosas, Alex Antonio"]
[Result "1/2-1/2"]
[WhiteElo "1900"]
[BlackElo "2149"]
[PlyCount "103"]
[EventDate "2022.07.29"]
[EventType "team-swiss"]
[EventRounds "11"]
[EventCountry "IND"]
[SourceTitle "CBM 210"]
[Source "ChessBase"]
[SourceDate "2022.10.31"]
[SourceVersion "1"]
[SourceVersionDate "2022.10.31"]
[SourceQuality "1"]
[WhiteTeam "Chinese Taipei"]
[BlackTeam "Panama"]
[WhiteTeamCountry "TPE"]
[BlackTeamCountry "PAN"]

1. e4 c5 2. c3 Nf6 3. e5 Nd5 4. d4 cxd4 5. Nf3 Nc6 6. Bc4 Nb6 7. Bb3 d5 8. exd6 Qxd6 9. 0-0 Be6 10. Na3 a6 11. Ng5 Bd5 12. c4 h6 13. Nh3 Be4 14. Re1 Bh7 15. Nf4 e5 16. Nd5 Qd8 17. Bf4 Bxa3 18. Bxe5 Nxe5 19. Rxe5+ Kf8 20. bxa3 d3 21. Qd2 Nxd5 22. cxd5 Qf6 23. Rae1 g5 24. Bc4 Rc8 25. Bxd3 Bxd3 26. Qxd3 Qxe5 27. Rxe5 Rc1+ 28. Qf1 Rxf1+ 29. Kxf1 Kg7 30. Ke2 Kf6 31. f4 gxf4 32. Re4 Kg5 33. d6 Rd8 34. Rd4 Kf5 35. Kf3 Ke5 36. Rd2 Rxd6 37. Rxd6 Kxd6 38. Kxf4 Ke6 39. g4 f6 40. a4 b6 41. Ke4 Kf7 42. Kf5 a5 43. h3 Kg7 44. a3 Kf7 45. Ke4 Kg6 46. Kd5 h5 47. Kc6 hxg4 48. hxg4 Kg5 49. Kxb6 Kxg4 50. Kxa5 f5 51. Kb4 f4 52. a5 1/2-1/2

[Event "Titled Tuesday intern op 23rd June"]
[Site "Chess.com INT"]
[Date "2020.06.23"]
[Round "5"]
[White "Delgado Rosas, Alex Antonio"]
[Black "Moreira, Ronaldo Alonso"]
[Result "1-0"]
[WhiteElo "2116"]
[BlackElo "2088"]
[PlyCount "67"]
[EventDate "2020.06.23"]
[EventType "swiss (blitz)"]
[EventRounds "10"]
[EventCountry "USA"]
[SourceTitle "CBM 197 Extra"]
[Source "ChessBase"]
[SourceDate "2020.09.30"]
[SourceVersion "1"]
[SourceVersionDate "2020.09.30"]
[SourceQuality "1"]

1. d4 Nf6 2. Nf3 e6 3. c4 d5 4. g3 dxc4 5. Bg2 Be7 6. 0-0 0-0 7. Qc2 Nbd7 8. a4 c5 9. Rd1 cxd4 10. Nxd4 a6 11. Bg5 Qc7 12. Nd2 h6 13. Bxf6 Bxf6 14. Qxc4 Qxc4 15. Nxc4 Rb8 16. a5 Bxd4 17. Rxd4 b5 18. axb6 Nxb6 19. Na5 Nd5 20. Bxd5 exd5 21. b4 Rb5 22. Nc6 Bb7 23. Ne7+ Kh7 24. Rad1 Re8 25. Nxd5 Bxd5 26. Rxd5 Rxd5 27. Rxd5 Rxe2 28. Ra5 Rb2 29. Ra4 f6 30. Kg2 Kg6 31. Kf3 Kf5 32. Ra5+ Kg6 33. Ra4 Kf5 34. h4 1-0

[Event "Titled Tuesday intern op 21st April"]
[Site "Chess.com INT"]
[Date "2020.04.21"]
[Round "7"]
[White "Delgado Rosas, Alex Antonio"]
[Black "Millard, Charlotte"]
[Result "1-0"]
[WhiteElo "2116"]
[BlackElo "1252"]
[PlyCount "65"]
[EventDate "2020.04.21"]
[EventType "swiss (blitz)"]
[EventRounds "10"]
[EventCountry "USA"]
[SourceTitle "EXT 2021"]
[Source "ChessBase"]
[SourceDate "2020.10.23"]
[SourceVersion "1"]
[SourceVersionDate "2020.10.23"]
[SourceQuality "1"]

1. d4 d5 2. c4 e6 3. Nf3 Nf6 4. g3 c6 5. Bg2 Be7 6. 0-0 0-0 7. Qc2 Nbd7 8. Rd1 Re8 9. Nbd2 Nf8 10. e4 Ng6 11. e5 Nd7 12. Rb1 f6 13. exf6 Nxf6 14. Re1 Bb4 15. Ne5 Nxe5 16. dxe5 Nd7 17. a3 Bc5 18. b4 Be7 19. Nf3 Rf8 20. Nd4 Nb6 21. c5 Nc4 22. h4 g5 23. hxg5 Bxg5 24. a4 Bxc1 25. Rbxc1 Qg5 26. Qe2 Rf5 27. Nf3 Qh5 28. b5 Nxe5 29. Nxe5 Qxe2 30. Rxe2 cxb5 31. axb5 b6 32. c6 a6 33. Ra1 1-0

[Event "San Jose de David"]
[Site "San Jose de David"]
[Date "2020.02.15"]
[Round "9"]
[White "Delgado Rosas, Alex Antonio"]
[Black "Vasconcellos, Jose"]
[Result "1-0"]
[WhiteElo "2102"]
[BlackElo "2192"]
[PlyCount "93"]
[EventDate "2020.02.11"]
[EventType "tourn"]
[EventRounds "9"]
[EventCountry "PAN"]
[SourceTitle "CBM 195 Extra"]
[Source "ChessBase"]
[SourceDate "2020.05.31"]
[SourceVersion "1"]
[SourceVersionDate "2020.05.31"]
[SourceQuality "1"]

1. d4 Nf6 2. Nc3 d5 3. Bf4 Bf5 4. e3 e6 5. Nf3 Bb4 6. a3 Be7 7. Bd3 Ne4 8. Bxe4 Bxe4 9. Nxe4 dxe4 10. Nd2 f5 11. c3 c5 12. Qe2 0-0 13. dxc5 Nc6 14. Qc4 Rf6 15. Nb3 Kh8 16. Rd1 Qf8 17. Rd7 Rg6 18. Bd6 Bxd6 19. Rxd6 Ne5 20. Qb5 Nd3+ 21. Rxd3 exd3 22. 0-0 Rd8 23. Rd1 a6 24. Qc4 e5 25. Rxd3 Rg4 26. Rxd8 Qxd8 27. Qe2 Qd5 28. f3 Rg6 29. c4 Qc6 30. Qd3 Qf6 31. Na5 h6 32. Nxb7 e4 33. Qd8+ Kh7 34. Qxf6 Rxf6 35. b4 f4 36. Kf2 exf3 37. Kxf3 g5 38. e4 h5 39. h3 Kg6 40. b5 axb5 41. cxb5 Rf7 42. c6 Kg7 43. Na5 Ra7 44. Nc4 Ra4 45. b6 Rxc4 46. b7 Rc3+ 47. Kf2 1-0

[Event "San Jose de David"]
[Site "San Jose de David"]
[Date "2020.02.14"]
[Round "7"]
[White "Delgado Rosas, Alex Antonio"]
[Black "Murillo Subia, Agustin"]
[Result "1-0"]
[WhiteElo "2102"]
[BlackElo "1665"]
[PlyCount "35"]
[EventDate "2020.02.11"]
[EventType "tourn"]
[EventRounds "9"]
[EventCountry "PAN"]
[SourceTitle "CBM 195 Extra"]
[Source "ChessBase"]
[SourceDate "2020.05.31"]
[SourceVersion "1"]
[SourceVersionDate "2020.05.31"]
[SourceQuality "1"]

1. c4 e5 2. Nc3 Nf6 3. g3 d5 4. cxd5 Nxd5 5. Nf3 Nc6 6. Bg2 Be6 7. 0-0 Be7 8. d3 0-0 9. Bd2 a6 10. Rc1 f5 11. Qb3 Na5 12. Qa4 b6 13. Nxe5 Bf6 14. Nc6 Nxc6 15. Qxc6 Nxc3 16. Qxe6+ Kh8 17. Bxc3 Bxc3 18. Rxc3 1-0